000 00592nam a2200193 i 4500
001 40530
003 ES-MaACL
005 20251207150927.0
007 t|
008 030306s1949 sp ||||1| spa d
100 1 _aCaro Baroja, Julio,
_d1914-1995
_935403
245 1 4 _aLos vascos
_b: etnología /
_cJulio Caro Baroja.
260 _aSan Sebastián :
_b[s.n.],
_c1949 (
_fTalls. Gráfs. Edit. Icharopena)
300 _a559 p. ;
_c23 cm.
490 1 _aBiblioteca Vascongadas de los amigos del pais
830 0 _a
_9242585
852 _aES-MaACL
_jD-6683
_bR.29810
999 _c40530
_d40530